| 000 | 01430cam a2200313 4500 | ||
|---|---|---|---|
| 001 | 3754 | ||
| 003 | BD-RjUL | ||
| 005 | 20211208233759.0 | ||
| 008 | 131221s1954 ii 001 0 eng d | ||
| 035 | _a(BD-RjUL)3788 | ||
| 040 |
_aDLC _cDLC _dDLC _dBD-RjUL _beng |
||
| 041 | _aeng | ||
| 082 | 0 | 0 |
_a344.540542 _bSAL 1954 |
| 100 | 1 |
_aSami, Syed Maqsud Ali. _911919 |
|
| 245 | 1 | 0 |
_aLaw & practice of gambling in India :(central and states) _bcontaining commentaries on (central) Public gambling act and states gambling laws of Andhra, Maharashtra, Delhi, Jammu & Kashmir, Kerala, Madras, Orissa, Rajasthan, West Bengal, M. P., Punjab, and U.P. / _c S. M. A. Sami. |
| 250 | _a2nd ed., | ||
| 260 |
_aAllahabad, _bLaw Book Co., _c1954. |
||
| 300 |
_axi, 172 p. ; _c24 cm. |
||
| 350 | _aRs25.00 | ||
| 500 | _aFirst ed., 1938, entered under India. Laws, statutes, etc., has title: Public gambling act (III of 1867) as subsequently amended with local amendments. | ||
| 500 | _aSecond-fifth ed. entered under India (Republic). Laws, statutes, etc., have title: Sami & Aiyar's law & practice of gambling in India. | ||
| 650 | 0 |
_aGambling _xLaw and legislation _zIndia. _911920 |
|
| 700 | 1 |
_aPrakash, Jai, _eed. _911921 |
|
| 710 | 1 | 2 |
_aIndia (Republic). _kLaws, statutes, etc. _tPublic gambling act, 1867. 1971. _911922 |
| 740 | 0 | _aGambling in India. | |
| 942 |
_2ddc _cBK |
||
| 999 |
_c3754 _d3754 |
||